<?xml version="1.0" encoding="UTF-8"?>
<record
    xmlns:xsi="http://www.w3.org/2001/XMLSchema-instance"
    xsi:schemaLocation="http://www.loc.gov/MARC21/slim http://www.loc.gov/standards/marcxml/schema/MARC21slim.xsd"
    xmlns="http://www.loc.gov/MARC21/slim">

  <leader>00714nam a22002177a 4500</leader>
  <controlfield tag="003">OSt</controlfield>
  <controlfield tag="005">20250919150100.0</controlfield>
  <controlfield tag="008">250515t2024    ag ao|||r|||| 00| 0dspa d</controlfield>
  <datafield tag="020" ind1=" " ind2=" ">
    <subfield code="a">978-987-8429-35-9</subfield>
  </datafield>
  <datafield tag="040" ind1=" " ind2=" ">
    <subfield code="c">besoc</subfield>
  </datafield>
  <datafield tag="080" ind1=" " ind2=" ">
    <subfield code="0">94(821.6)</subfield>
  </datafield>
  <datafield tag="100" ind1="1" ind2=" ">
    <subfield code="a">&#xC1;lvarez, Juan,</subfield>
    <subfield code="d">1878-1954</subfield>
    <subfield code="e">autor</subfield>
  </datafield>
  <datafield tag="245" ind1="1" ind2="0">
    <subfield code="a">Historia de Rosario :</subfield>
    <subfield code="b">1689-1939 /</subfield>
    <subfield code="c">Juan &#xC1;lvarez.</subfield>
  </datafield>
  <datafield tag="250" ind1=" " ind2=" ">
    <subfield code="a">3a ed.</subfield>
  </datafield>
  <datafield tag="260" ind1=" " ind2=" ">
    <subfield code="a">Rosario :</subfield>
    <subfield code="b">Editorial Municipal de Rosario ;</subfield>
    <subfield code="b">UNR Editora,</subfield>
    <subfield code="c">2024.</subfield>
  </datafield>
  <datafield tag="300" ind1=" " ind2=" ">
    <subfield code="a">584 p. :</subfield>
    <subfield code="b">il. y fot. ;</subfield>
    <subfield code="c">23 cm.</subfield>
  </datafield>
  <datafield tag="500" ind1=" " ind2=" ">
    <subfield code="a">Pr&#xF3;loga a la tercera edici&#xF3;n de Mario Gl&#xFC;ck.</subfield>
  </datafield>
  <datafield tag="500" ind1=" " ind2=" ">
    <subfield code="a">Pr&#xF3;logo de Alicia Meg&#xED;as.</subfield>
  </datafield>
  <datafield tag="650" ind1=" " ind2="4">
    <subfield code="a">Rosario</subfield>
    <subfield code="v">Historia</subfield>
    <subfield code="y">Siglo XVII</subfield>
    <subfield code="y">Siglo XVIII</subfield>
    <subfield code="y">Siglo XIX</subfield>
    <subfield code="y">Siglo XX</subfield>
  </datafield>
  <datafield tag="942" ind1=" " ind2=" ">
    <subfield code="2">udc</subfield>
    <subfield code="c">OG</subfield>
    <subfield code="n">0</subfield>
  </datafield>
  <datafield tag="999" ind1=" " ind2=" ">
    <subfield code="c">486</subfield>
    <subfield code="d">486</subfield>
  </datafield>
  <datafield tag="952" ind1=" " ind2=" ">
    <subfield code="0">0</subfield>
    <subfield code="1">0</subfield>
    <subfield code="2">udc</subfield>
    <subfield code="4">0</subfield>
    <subfield code="7">0</subfield>
    <subfield code="8">CG</subfield>
    <subfield code="a">ESOCIALES</subfield>
    <subfield code="b">ESOCIALES</subfield>
    <subfield code="d">2025-05-15</subfield>
    <subfield code="e">Donaci&#xF3;n 2025</subfield>
    <subfield code="l">0</subfield>
    <subfield code="o">94(821.6) AL473</subfield>
    <subfield code="p">001434</subfield>
    <subfield code="r">2025-05-15 09:58:00</subfield>
    <subfield code="w">2025-05-15</subfield>
    <subfield code="y">OG</subfield>
  </datafield>
</record>
